1166 1380 1578 1194 1090 1817 1387 1442 1352 1753 1377 1440 1091 1706 1167 1889 1353 1751 1793 1556 1759 1669 1837 1947 1891 1882 1361 1816 1647 1682 1737 1148 1840 1021 1844 1515 1951 1748 1294 1976 1394 1452 1179 1207 1790 1640 1461 1617 1687 1932 1215 1132 1631 1953 1575 1110 1786 1724 1831 1791 1822 1148 1219 1582 1404 1436 1961 1785 1449 1516 1666 1993 1189 1417 1648 1641 1640 1751 1555 1764 1847 1578 1769 1398 1100 1241 1541 1218 1952 1751 1844 1068 1181 1341 1151 1695 1305 1805 1635 BCNSPRNW ULIB Ver.6.0+V

เปลี่ยนเป็นภาษาไทย

Change to English
 แสดงรายละเอียดบรรณานุกรม
  กลับหน้าหลัก

Brief Record : Get Marc (ISO 2709) : E-mail record : QR code < ปิดหน้าต่าง
LEADER : 00000nam 2200000uu 4500
001    13399127331
003     ULIB
008    200428s2562||||th 000 0 tha d
020    ^a9786164975637
060 04 ^aWH100^bจ344ล
100 0  ^aจำนงค์ นพรัตน์
245 10 ^aโลหิตวิทยา =^bHemato-Book /^cจำนงค์ นพรัตน์, ชวดี นพรัตน์
246 31 ^aHemato-Book
250    ^aพิมพ์ครั้งที่ 1
260    ^aกรุงเทพฯ :^bบริษัทสหมิตรพัฒนาการพิมพ์ (1992) จำกัด,^c2562
300    ^avii, 343 หน้า :^bภาพประกอบสี ;^c21 ซม.
650  4 ^aโลหิตวิทยา
650  4 ^aเลือด
700 0  ^aชวดี นพรัตน์
710 2  ^aมหาวิทยาลัยสงขลานครินทร์.^bคณะแพทยศาสตร์.^bภาควิชาพยาธิวิทยา
945    ^p480^l0^i28171
945    ^p480^l0^i28172
945    ^p480^l0^i28173
945    ^p480^l0^i28174
945    ^p480^l0^i28175
999    ^aกัณชพร จุลอักษร
รายการนี้ยังไม่มีแท็ก
คุณยังไม่ได้ล็อกอิน คุณสามารถมีกิจกรรมร่วมกับเว็บไซต์ได้ แต่ต้องล็อกอินก่อน ::
  ล็อกอิน

รายการสื่อสารสนเทศ

ลำดับที่ ประเภท เลขเรียก/บาร์โค้ด สถานที่ สถานะ
1. หนังสือสำรอง
หนังสือสำรอง
WH100 จ344ล ฉ.1 
  Barcode: 28171
ห้องสมุดวิทยาเขตนครสวรรค์
►หนังสือทั่วไป:l:General Books
บนชั้น
2. วิทยาศาสตร์การแพทย์ และสุขภาพ
วิทยาศาสตร์การแพทย์ และสุขภาพ
WH100 จ344ล ฉ.2 
  Barcode: 28172
ห้องสมุดวิทยาเขตนครสวรรค์
►หนังสือทั่วไป:l:General Books
บนชั้น
3. วิทยาศาสตร์การแพทย์ และสุขภาพ
วิทยาศาสตร์การแพทย์ และสุขภาพ
WH100 จ344ล ฉ.3 
  Barcode: 28173
ห้องสมุดวิทยาเขตนครสวรรค์
►หนังสือทั่วไป:l:General Books
บนชั้น
4. วิทยาศาสตร์การแพทย์ และสุขภาพ
วิทยาศาสตร์การแพทย์ และสุขภาพ
WH100 จ344ล ฉ.4 
  Barcode: 28174
ห้องสมุดวิทยาเขตนครสวรรค์
►หนังสือทั่วไป:l:General Books
บนชั้น
5. วิทยาศาสตร์การแพทย์ และสุขภาพ
วิทยาศาสตร์การแพทย์ และสุขภาพ
WH100 จ344ล ฉ.5 
  Barcode: 28175
ห้องสมุดวิทยาเขตนครสวรรค์
►หนังสือทั่วไป:l:General Books
ถูกยืม กำหนดส่งวันที่ 6 กรกฎาคม 2569
  จอง

รายการใกล้เคียง
    ผู้แต่ง [จำนงค์ นพรัตน์]

    หัวเรื่อง [โลหิตวิทยา]
    หัวเรื่อง [เลือด]

BibComment


ยังไม่เคยถูกคอมเมนท์

คอมเมนท์ทรัพยากรรายการนี้
  คอมเมนท์: โลหิตวิทยา Hema..


 Copyright 2026. Bcnsprnw @Library